Szczegóły MARC21

The Norton anthology of English literature : the major authors /

003 -Nazwa inst., której nr kontr. jest w polu 001 [,]
    • @
    • Nazwa instytucji, której n kontrolny jest w polu 001
    • NUKAT
005 -DATA I CZAS OSTATNIEJ MODYFIKACJI [,]
    • @
    • pole kontrolne
    • 20241231094512.0
020 -Międzynarod. znormalizowany nr książki - ISBN [ , ]
    • a
    • Numer ISBN
    • 0393968030 Find
040 -Instytucja sporządzająca opis [ , ]
    • a
    • Instytucja, która sporządziła opis (NP)
    • OLSZT 003/MW
    • c
    • Instytucja, która sporządziła rekord (NP)
    • OLSZT 003/MW
    • d
    • Instytucja, która zmodyfikowała rekord (P)
    • OLSZT 003/bak
    • d
    • Instytucja, która zmodyfikowała rekord (P)
    • OLSZT 003/baks
044 -Kraj miejsca wydania [ , ]
    • a
    • Kraj miejsca wydania
    • Stany Zjednoczone po 1988
    • a
    • Kraj miejsca wydania
    • Wielka Brytania po 1988
942 -Rodzaj dokumentu [ , ]
    • c
    • Rodzaj dokumentu
    • Książka
245 -Strefa tytułu i oznaczenia odpowiedzialności [0,4]
    • a
    • Tytuł
    • The Norton anthology of English literature : Find
    • b
    • Ciąg dalszy tytułu (NP)
    • the major authors / Find
    • c
    • Pozostałe elementy strefy tytułu i oznaczenia odpowiedzialności (NP)
    • M. H. Abrams, gen. ed.
250 -Strefa wydania [ , ]
    • a
    • Oznaczenie wydania (NP)
    • 6th ed.
260 -Strefa adresu wydawniczego [ , ]
    • a
    • Miejsce wydania (P)
    • New York ;
    • a
    • Miejsce wydania (P)
    • London :
    • b
    • Nazwa wydawcy (P)
    • W. W. Norton,
    • c
    • Data wydania (P)
    • 1996.
300 -Strefa opisu fizycznego [ , ]
    • a
    • Określenie formy książki i/lub objętość (NP)
    • XXXV, [1], 2667 s. :
    • b
    • Oznaczenie ilustracji (NP)
    • rys. ;
    • c
    • Format (NP)
    • 24 cm.
336 -Typ zawartości [ , ]
    • a
    • Termin opisujący typ zawartości
    • Tekst
    • b
    • Kod określający zawartość
    • txt
    • 2
    • Źródło (terminu i kodu)
    • rdacontent
337 -Typ mediów [ , ]
    • a
    • Tryb odtwarzania
    • Bez urządzenia pośredniczącego
    • b
    • Kod typu mediów
    • n
    • 2
    • Źródło (terminu i kodu)
    • rdamedia
338 -Typ/rodzaj nośnika [ , ]
    • a
    • Hasło opisujące typ nośnika
    • Wolumin
    • b
    • Kod typu nośnika
    • nc
    • 2
    • Źródło (terminu i kodu)
    • rdacarrier
504 -Uwaga dot. bibliogr. załącznikowej [ , ]
    • a
    • Uwaga dot. bibliografii załącznikowej
    • Bibliogr. s. 2593-2625.
504 -Uwaga dot. bibliogr. załącznikowej [ , ]
    • a
    • Uwaga dot. bibliografii załącznikowej
    • Indeks.
080 -Uniwersalna Klasyfikacja Dziesiętna [ , ]
    • a
    • Symbol klasyfikacji
    • 820(091)".../19"=20
080 -Uniwersalna Klasyfikacja Dziesiętna [ , ]
    • a
    • Symbol klasyfikacji
    • +820-82=20
655 -Hasło w funkcji tematu formalnego [ ,7]
    • a
    • Hasło
    • Literatura angielska
    • v
    • Określnik formy
    • antologie.
    • 2
    • Źródło terminu
    • kaba
    • 9
    • KHW
    • 362282
980 -Symbol UKD [ , ]
    • a
    • UKD
    • 820(091)".../19"+820-82]=20
700 -Hasło dodatkowe - nazwa osobowa [1, ]
    • a
    • Nazwa osobowa (NP)
    • Abrams, Meyer Howard Find
    • d
    • Daty biograficzne (NP)
    • (1912-2015).
    • e
    • Określenie rodzaju współpracy
    • Red.
    • 9
    • KHW
    • 400844
920 -ISBN [ , ]
    • a
    • ISBN
    • 0-393-96803-0 Find
Lokalizacja Data inwentaryzacji Status udost. Numer inwentarzowy Sygnatura
BM2003-03-061A.6865ANG. Antologie - lit. ang. 07